00439nam a2200157Ia 4500008004100000020001800041082001400059100002200073245001900095250000900114260007000123300002900193500001900222600002000241650002000261240925s9999 xx 000 0 und d a9781259097447 a338.5 SAM aSamuelson A. Paul 0aMicroeconomics a19th aNew Delhi:bMcGraw Hill Education (India) Private Limitedc,2010. axxv, 563p.bNAfOriginal aIncludes Index aSocial Sciences aSocial Sciences